<?xml version="1.0" encoding="UTF-8"?><?xml-stylesheet type="text/xsl" href="static/style.xsl"?><OAI-PMH xmlns="http://www.openarchives.org/OAI/2.0/" xmlns:xsi="http://www.w3.org/2001/XMLSchema-instance" xsi:schemaLocation="http://www.openarchives.org/OAI/2.0/ http://www.openarchives.org/OAI/2.0/OAI-PMH.xsd"><responseDate>2026-04-18T02:11:24Z</responseDate><request verb="GetRecord" identifier="oai:www.recercat.cat:2445/125354" metadataPrefix="marc">https://recercat.cat/oai/request</request><GetRecord><record><header><identifier>oai:recercat.cat:2445/125354</identifier><datestamp>2025-12-04T21:49:29Z</datestamp><setSpec>com_2072_1057</setSpec><setSpec>col_2072_478810</setSpec><setSpec>col_2072_478917</setSpec></header><metadata><record xmlns="http://www.loc.gov/MARC21/slim" xmlns:dcterms="http://purl.org/dc/terms/" xmlns:xsi="http://www.w3.org/2001/XMLSchema-instance" xmlns:doc="http://www.lyncode.com/xoai" xsi:schemaLocation="http://www.loc.gov/MARC21/slim http://www.loc.gov/standards/marcxml/schema/MARC21slim.xsd">
   <leader>00925njm 22002777a 4500</leader>
   <datafield ind2=" " ind1=" " tag="042">
      <subfield code="a">dc</subfield>
   </datafield>
   <datafield ind2=" " ind1=" " tag="720">
      <subfield code="a">Cabré Rocafort, Míriam</subfield>
      <subfield code="e">author</subfield>
   </datafield>
   <datafield ind2=" " ind1=" " tag="260">
      <subfield code="c">2018-10-16T13:01:08Z</subfield>
   </datafield>
   <datafield ind2=" " ind1=" " tag="260">
      <subfield code="c">2018-10-16T13:01:08Z</subfield>
   </datafield>
   <datafield ind2=" " ind1=" " tag="260">
      <subfield code="c">2016-11-12</subfield>
   </datafield>
   <datafield ind2=" " ind1=" " tag="260">
      <subfield code="c">2018-10-16T13:01:08Z</subfield>
   </datafield>
   <datafield ind2=" " ind1=" " tag="520">
      <subfield code="a">La narrativa és una pràctica reflexiva que permet (re)pensar i atribuir sentit a les experiències i comprendre la complexitat dels processos d'ensenyament i aprenentatge de llengües. L'objectiu és analitzar les creences d'una mestra en formació inicial sobre la construcció del repertori lingüístic i indagar sobre la seva projecció en les futures pràctiques docents. L'articulació de les creences es fa a partir de narratives multimodals, de les quals s'explora i verifica la seva eficàcia com a eina metodològica. L'estudi mostra que hi ha creences molt arrelades i d'altres més susceptibles de desestabilitzar. El subjecte ha construït nous marcs interpretatius sobre l'educació en llengües; així, el focus que hi havia sobre el domini d'una llengua s'ha desplaçat cap a la noció de desenvolupament del repertori lingüístic. Els processos reflexius han fet possible atribuir sentit a les seves experiències i mobilitzar i, en alguns casos, desestabilitzar creences que guiaran les seves futures actuacions a l'aula.</subfield>
   </datafield>
   <datafield tag="653" ind2=" " ind1=" ">
      <subfield code="a">Ensenyament reflexiu</subfield>
   </datafield>
   <datafield tag="653" ind2=" " ind1=" ">
      <subfield code="a">Narrativa</subfield>
   </datafield>
   <datafield tag="653" ind2=" " ind1=" ">
      <subfield code="a">Didàctica de la llengua</subfield>
   </datafield>
   <datafield tag="653" ind2=" " ind1=" ">
      <subfield code="a">Reflective teaching</subfield>
   </datafield>
   <datafield tag="653" ind2=" " ind1=" ">
      <subfield code="a">Fiction</subfield>
   </datafield>
   <datafield tag="653" ind2=" " ind1=" ">
      <subfield code="a">Language teaching methods</subfield>
   </datafield>
   <datafield ind2="0" ind1="0" tag="245">
      <subfield code="a">Estudio de las creencias de una futura maestra sobre la construcción del repertorio lingüístico a través de narrativas multimodales</subfield>
   </datafield>
</record></metadata></record></GetRecord></OAI-PMH>